| 000 | 00367nam a22001337a 4500 | ||
|---|---|---|---|
| 020 | _a9693512405 | ||
| 040 | _cNUST | ||
| 082 |
_a891.4393 _bTAR |
||
| 100 |
_aTarar ,Mustansar Hussain _93135 |
||
| 245 | _aQurbat-i-Merg Main Mahabbat: | ||
| 260 |
_aLahore: _bSang-e-Meel Publications , _c2005. |
||
| 650 |
_aQurbat-i-Merg Main Ma habbat: _9123524 |
||
| 942 |
_2ddc _cBK |
||
| 999 |
_c609694 _d609694 |
||